| 000 | 00590nam a2200181 4500 | ||
|---|---|---|---|
| 999 |
_c6436 _d6436 |
||
| 008 | 020605s1994 ph engQU | ||
| 020 | _a971882720X | ||
| 245 | 1 | 0 |
_aHigher education reform / _cedited by Felixberto C. Sta. Maria |
| 260 |
_aQuezon City : _bCongress of the Republic of the Philippines, _cc1994. |
||
| 300 |
_a162 p. : _bill.; _c23cm. |
||
| 336 | _atext | ||
| 337 | _aunmediated | ||
| 338 | _avolume | ||
| 651 | 4 | _aCongressional Oversight Committee on Education (COCED). | |
| 651 | 4 |
_aEducation, Higher _zPhilippines. |
|
| 700 | 1 | _aSta.Maria, Felixberto C. | |
| 942 |
_2lcc _cBK |
||